[Event "DEM U10 2021"]
[Site "Willingen GER"]
[Date "2021.08.28"]
[Round "9"]
[White "Glöckler, Christian"]
[Black "Stichter, Constantin"]
[Result "1-0"]
[Termination "normal"]
[Board "1"]
[WhiteElo "1581"]
[BlackElo "1444"]
[WhiteClock "01:12:57"]
[BlackClock "00:51:47"]
[PlyCount "59"]
[WhiteFideId "34608966"]
[BlackFideId "34603140"]
[EventCountry "GER"]
[EventRounds "11"]
[EventType "swiss"]
[EventDate "2021.08.22"]

1. e4 {[%clk 01:15:58]} {[%emt 00:00:02]} e6 {[%clk 01:15:57]} {[%emt
00:00:04]} 2. d4 {[%clk 01:16:18]} {[%emt 00:00:09]} d5 {[%clk 01:16:24]}
{[%emt 00:00:04]} 3. Nc3 {[%clk 01:16:41]} {[%emt 00:00:06]} Nf6 {[%clk
01:16:50]} {[%emt 00:00:05]} 4. e5 {[%clk 01:17:03]} {[%emt 00:00:08]} Nfd7
{[%clk 01:17:17]} {[%emt 00:00:04]} 5. Nf3 {[%clk 01:17:24]} {[%emt 00:00:09]}
a6 {[%clk 01:17:36]} {[%emt 00:00:11]} 6. Bd3 {[%clk 01:17:34]} {[%emt
00:00:20]} c5 {[%clk 01:17:59]} {[%emt 00:00:07]} 7. dxc5 {[%clk 01:17:57]}
{[%emt 00:00:06]} Bxc5 {[%clk 01:18:16]} {[%emt 00:00:12]} 8. O-O {[%clk
01:18:18]} {[%emt 00:00:10]} Nc6 {[%clk 01:18:33]} {[%emt 00:00:14]} 9. Bf4
{[%clk 01:18:38]} {[%emt 00:00:10]} b5 {[%clk 01:17:17]} {[%emt 00:01:46]} 10.
Qd2 {[%clk 01:18:41]} {[%emt 00:00:24]} h6 {[%clk 01:16:14]} {[%emt 00:01:34]}
11. Ne2 {[%clk 01:18:25]} {[%emt 00:00:46]} Qc7 {[%clk 01:16:04]} {[%emt
00:00:42]} 12. Nc1 {[%clk 01:17:47]} {[%emt 00:01:07]} Ndxe5 {[%clk 01:14:13]}
{[%emt 00:02:21]} 13. Nxe5 {[%clk 01:17:31]} {[%emt 00:00:45]} Nxe5 {[%clk
01:13:43]} {[%emt 00:01:01]} 14. a4 {[%clk 01:17:30]} {[%emt 00:00:31]} b4
{[%clk 01:12:30]} {[%emt 00:01:43]} 15. Re1 {[%clk 01:16:03]} {[%emt 00:01:55]}
Bd6 {[%clk 01:12:40]} {[%emt 00:00:21]} 16. a5 {[%clk 01:16:08]} {[%emt
00:00:26]} Nf3+ {[%clk 01:12:00]} {[%emt 00:01:10]} 17. gxf3 {[%clk 01:16:23]}
{[%emt 00:00:15]} Bxf4 {[%clk 01:12:22]} {[%emt 00:00:08]} 18. Qxb4 {[%clk
01:16:31]} {[%emt 00:00:22]} Bxh2+ {[%clk 01:12:38]} {[%emt 00:00:13]} 19. Kh1
{[%clk 01:16:34]} {[%emt 00:00:26]} Bd6 {[%clk 01:10:02]} {[%emt 00:03:08]} 20.
Qd4 {[%clk 01:15:59]} {[%emt 00:01:05]} O-O {[%clk 01:10:02]} {[%emt 00:00:30]}
21. Rg1 {[%clk 01:15:35]} {[%emt 00:00:54]} Be5 {[%clk 01:10:21]} {[%emt
00:00:12]} 22. Qh4 {[%clk 01:15:36]} {[%emt 00:00:26]} Kh8 {[%clk 01:09:54]}
{[%emt 00:00:59]} 23. Ne2 {[%clk 01:14:59]} {[%emt 00:01:06]} f5 {[%clk
01:09:38]} {[%emt 00:00:46]} 24. Rg6 {[%clk 01:14:53]} {[%emt 00:00:37]} Qf7
{[%clk 01:08:34]} {[%emt 00:01:34]} 25. Rag1 {[%clk 01:14:46]} {[%emt
00:00:38]} Bf6 {[%clk 01:07:13]} {[%emt 00:01:51]} 26. Qh3 {[%clk 01:14:21]}
{[%emt 00:00:55]} Bd7 {[%clk 00:58:39]} {[%emt 00:09:04]} 27. Nf4 {[%clk
01:14:21]} {[%emt 00:00:30]} Be8 {[%clk 00:57:19]} {[%emt 00:01:48]} 28. Nxe6
{[%clk 01:12:59]} {[%emt 00:01:55]} Rg8 {[%clk 00:53:32]} {[%emt 00:04:15]} 29.
Bxf5 {[%clk 01:13:09]} {[%emt 00:00:21]} Bh4 {[%clk 00:51:47]} {[%emt
00:02:14]} 30. Nxg7 {[%clk 01:12:57]} {[%emt 00:00:42]} 1-0

[Event "DEM U10 2021"]
[Site "Willingen GER"]
[Date "2021.08.28"]
[Round "9"]
[White "Sydykov, Bayastan"]
[Black "Buchinger, Alexis"]
[Result "0-1"]
[Termination "normal"]
[Board "2"]
[WhiteElo "1209"]
[BlackElo "1578"]
[WhiteClock "00:24:00"]
[BlackClock "00:14:05"]
[PlyCount "92"]
[WhiteFideId "13829610"]
[BlackFideId "16287134"]
[EventCountry "GER"]
[EventRounds "11"]
[EventType "swiss"]
[EventDate "2021.08.22"]

1. e4 {[%clk 01:15:57]} {[%emt 00:00:03]} d5 {[%clk 01:15:51]} {[%emt
00:00:10]} 2. exd5 {[%clk 01:16:18]} {[%emt 00:00:09]} Qxd5 {[%clk 01:16:17]}
{[%emt 00:00:04]} 3. Nc3 {[%clk 01:16:35]} {[%emt 00:00:12]} Qa5 {[%clk
01:16:39]} {[%emt 00:00:08]} 4. d4 {[%clk 01:16:54]} {[%emt 00:00:12]} Nf6
{[%clk 01:16:58]} {[%emt 00:00:11]} 5. Nf3 {[%clk 01:16:38]} {[%emt 00:00:45]}
Bf5 {[%clk 01:16:58]} {[%emt 00:00:31]} 6. Bd3 {[%clk 01:16:45]} {[%emt
00:00:23]} Nc6 {[%clk 01:14:01]} {[%emt 00:03:27]} 7. O-O {[%clk 01:14:11]}
{[%emt 00:03:04]} O-O-O {[%clk 01:11:26]} {[%emt 00:03:06]} 8. d5 {[%clk
01:13:27]} {[%emt 00:01:14]} Bxd3 {[%clk 01:07:17]} {[%emt 00:04:39]} 9. dxc6
{[%clk 01:13:17]} {[%emt 00:00:39]} Ba6 {[%clk 01:05:58]} {[%emt 00:01:49]} 10.
cxb7+ {[%clk 01:13:35]} {[%emt 00:00:13]} Bxb7 {[%clk 01:06:19]} {[%emt
00:00:09]} 11. Nd2 {[%clk 01:12:36]} {[%emt 00:01:29]} e6 {[%clk 00:58:14]}
{[%emt 00:08:36]} 12. Nc4 {[%clk 01:09:01]} {[%emt 00:04:03]} Qb4 {[%clk
00:56:15]} {[%emt 00:02:30]} 13. Nd2 {[%clk 01:05:11]} {[%emt 00:04:21]} Bd6
{[%clk 00:54:46]} {[%emt 00:01:59]} 14. Qe2 {[%clk 01:00:28]} {[%emt 00:05:12]}
Qh4 {[%clk 00:52:43]} {[%emt 00:02:33]} 15. g3 {[%clk 00:59:04]} {[%emt
00:01:51]} Qh3 {[%clk 00:51:53]} {[%emt 00:01:23]} 16. Nde4 {[%clk 00:57:06]}
{[%emt 00:02:28]} Bc5 {[%clk 00:44:37]} {[%emt 00:07:46]} 17. Be3 {[%clk
00:55:05]} {[%emt 00:02:31]} Nxe4 {[%clk 00:42:00]} {[%emt 00:03:08]} 18. Nxe4
{[%clk 00:53:42]} {[%emt 00:01:53]} Bxe4 {[%clk 00:42:06]} {[%emt 00:00:24]}
19. f3 {[%clk 00:53:56]} {[%emt 00:00:14]} Bxe3+ {[%clk 00:42:00]} {[%emt
00:00:38]} 20. Qxe3 {[%clk 00:53:40]} {[%emt 00:00:44]} Bb7 {[%clk 00:42:04]}
{[%emt 00:00:28]} 21. Rad1 {[%clk 00:52:39]} {[%emt 00:01:30]} Rxd1 {[%clk
00:41:39]} {[%emt 00:00:55]} 22. Rxd1 {[%clk 00:52:57]} {[%emt 00:00:12]} Qf5
{[%clk 00:39:47]} {[%emt 00:02:22]} 23. Rd3 {[%clk 00:41:14]} {[%emt 00:12:13]}
Rd8 {[%clk 00:39:42]} {[%emt 00:00:36]} 24. Rc3 {[%clk 00:39:26]} {[%emt
00:02:18]} Qb5 {[%clk 00:37:47]} {[%emt 00:02:25]} 25. Kg2 {[%clk 00:37:31]}
{[%emt 00:02:25]} Rd1 {[%clk 00:36:53]} {[%emt 00:01:24]} 26. Kh3 {[%clk
00:35:33]} {[%emt 00:02:27]} g5 {[%clk 00:31:16]} {[%emt 00:06:08]} 27. Rc5
{[%clk 00:34:13]} {[%emt 00:01:50]} Qf1+ {[%clk 00:31:02]} {[%emt 00:00:43]}
28. Kg4 {[%clk 00:32:57]} {[%emt 00:01:43]} Bxf3+ {[%clk 00:28:28]} {[%emt
00:03:08]} 29. Kxg5 {[%clk 00:31:05]} {[%emt 00:02:22]} Rd5+ {[%clk 00:24:36]}
{[%emt 00:04:21]} 30. Rxd5 {[%clk 00:29:32]} {[%emt 00:02:04]} Bxd5 {[%clk
00:24:55]} {[%emt 00:00:12]} 31. g4 {[%clk 00:28:24]} {[%emt 00:01:39]} Qg2
{[%clk 00:18:05]} {[%emt 00:07:18]} 32. Qf4 {[%clk 00:28:08]} {[%emt 00:00:45]}
Qxc2 {[%clk 00:17:13]} {[%emt 00:01:24]} 33. Qxf7 {[%clk 00:28:20]} {[%emt
00:00:18]} Qd2+ {[%clk 00:17:08]} {[%emt 00:00:34]} 34. Kh4 {[%clk 00:28:16]}
{[%emt 00:00:34]} Qxh2+ {[%clk 00:17:29]} {[%emt 00:00:11]} 35. Kg5 {[%clk
00:28:34]} {[%emt 00:00:10]} Qd2+ {[%clk 00:17:11]} {[%emt 00:00:48]} 36. Kh4
{[%clk 00:28:22]} {[%emt 00:00:41]} Qxb2 {[%clk 00:16:49]} {[%emt 00:00:53]}
37. a3 {[%clk 00:28:01]} {[%emt 00:00:51]} h6 {[%clk 00:16:34]} {[%emt
00:00:45]} 38. Kh5 {[%clk 00:27:35]} {[%emt 00:00:54]} Kb7 {[%clk 00:14:09]}
{[%emt 00:02:56]} 39. Kxh6 {[%clk 00:27:31]} {[%emt 00:00:35]} Qxa3 {[%clk
00:14:22]} {[%emt 00:00:16]} 40. g5 {[%clk 00:27:46]} {[%emt 00:00:14]} Qh3+
{[%clk 00:14:33]} 41. Kg7 {[%clk 00:27:08]} {[%emt 00:01:29]} Qg3 {[%clk
00:14:32]} {[%emt 00:00:31]} 42. Qe7 {[%clk 00:26:57]} {[%emt 00:00:41]} Qc3
{[%clk 00:13:53]} {[%emt 00:01:09]} 43. Kh6 {[%clk 00:24:18]} {[%emt 00:03:07]}
Qh8+ {[%clk 00:13:57]} {[%emt 00:00:27]} 44. Kg6 {[%clk 00:23:19]} {[%emt
00:01:31]} Be4+ {[%clk 00:14:08]} {[%emt 00:00:19]} 45. Kf7 {[%clk 00:23:39]}
{[%emt 00:00:10]} Qh7 {[%clk 00:14:31]} {[%emt 00:00:06]} 46. Kxe6 {[%clk
00:24:00]} {[%emt 00:00:10]} Qf5+ {[%clk 00:14:05]} {[%emt 00:00:23]} 0-1

[Event "DEM U10 2021"]
[Site "Willingen GER"]
[Date "2021.08.28"]
[Round "9"]
[White "Bundan, Edward"]
[Black "Polzin, Gustav"]
[Result "0-1"]
[Termination "normal"]
[Board "3"]
[WhiteElo "1236"]
[BlackElo "1618"]
[WhiteClock "00:18:59"]
[BlackClock "00:31:32"]
[PlyCount "84"]
[WhiteFideId "34603042"]
[BlackFideId "34603280"]
[EventCountry "GER"]
[EventRounds "11"]
[EventType "swiss"]
[EventDate "2021.08.22"]

1. e4 {[%clk 01:15:57]} {[%emt 00:00:03]} c5 {[%clk 01:15:46]} {[%emt
00:00:14]} 2. Nf3 {[%clk 01:16:09]} {[%emt 00:00:18]} e6 {[%clk 01:15:53]}
{[%emt 00:00:23]} 3. d4 {[%clk 01:16:18]} {[%emt 00:00:21]} cxd4 {[%clk
01:16:11]} {[%emt 00:00:12]} 4. Nxd4 {[%clk 01:16:37]} {[%emt 00:00:11]} a6
{[%clk 01:16:27]} {[%emt 00:00:15]} 5. c4 {[%clk 01:15:57]} {[%emt 00:01:10]}
Qc7 {[%clk 01:16:38]} {[%emt 00:00:17]} 6. Nc3 {[%clk 01:15:50]} {[%emt
00:00:38]} Nf6 {[%clk 01:16:48]} {[%emt 00:00:19]} 7. Be2 {[%clk 01:15:32]}
{[%emt 00:00:47]} g6 {[%clk 01:17:06]} {[%emt 00:00:13]} 8. Be3 {[%clk
01:14:37]} {[%emt 00:01:26]} Bg7 {[%clk 01:15:37]} {[%emt 00:01:58]} 9. f3
{[%clk 01:14:22]} {[%emt 00:00:44]} O-O {[%clk 01:15:49]} {[%emt 00:00:18]} 10.
O-O {[%clk 01:14:22]} {[%emt 00:00:31]} d6 {[%clk 01:15:36]} {[%emt 00:00:43]}
11. Rc1 {[%clk 01:14:03]} {[%emt 00:00:47]} Nc6 {[%clk 01:15:50]} {[%emt
00:00:20]} 12. Qd2 {[%clk 01:13:41]} {[%emt 00:00:47]} Rb8 {[%clk 01:14:42]}
{[%emt 00:01:42]} 13. a3 {[%clk 01:13:18]} {[%emt 00:00:52]} Rd8 {[%clk
01:14:09]} {[%emt 00:01:03]} 14. Rfd1 {[%clk 01:12:40]} {[%emt 00:01:05]} h5
{[%clk 01:10:56]} {[%emt 00:03:46]} 15. b4 {[%clk 01:10:42]} {[%emt 00:02:29]}
Bd7 {[%clk 01:10:03]} {[%emt 00:01:23]} 16. b5 {[%clk 01:09:49]} {[%emt
00:01:23]} Ne7 {[%clk 01:09:42]} {[%emt 00:00:51]} 17. Kh1 {[%clk 01:07:26]}
{[%emt 00:02:48]} Rbc8 {[%clk 01:08:17]} {[%emt 00:01:58]} 18. b6 {[%clk
00:55:55]} {[%emt 00:12:00]} Qb8 {[%clk 01:07:07]} {[%emt 00:01:42]} 19. Nb3
{[%clk 00:52:37]} {[%emt 00:03:46]} Bc6 {[%clk 01:06:35]} {[%emt 00:01:03]} 20.
h3 {[%clk 00:51:26]} {[%emt 00:01:39]} d5 {[%clk 01:05:36]} {[%emt 00:01:31]}
21. cxd5 {[%clk 00:50:25]} {[%emt 00:01:30]} exd5 {[%clk 01:04:24]} {[%emt
00:01:43]} 22. exd5 {[%clk 00:50:25]} {[%emt 00:00:30]} Nexd5 {[%clk 01:04:26]}
{[%emt 00:00:29]} 23. Nxd5 {[%clk 00:50:28]} {[%emt 00:00:23]} Bxd5 {[%clk
01:03:54]} {[%emt 00:01:04]} 24. Qb4 {[%clk 00:48:02]} {[%emt 00:02:57]} Qe5
{[%clk 01:01:35]} {[%emt 00:02:50]} 25. Qd4 {[%clk 00:46:26]} {[%emt 00:02:03]}
Qe7 {[%clk 00:59:43]} {[%emt 00:02:20]} 26. Rxc8 {[%clk 00:46:08]} {[%emt
00:00:53]} Rxc8 {[%clk 01:00:00]} {[%emt 00:00:14]} 27. Rb1 {[%clk 00:41:13]}
{[%emt 00:05:21]} Rd8 {[%clk 00:59:38]} {[%emt 00:00:56]} 28. Qf4 {[%clk
00:35:13]} {[%emt 00:06:29]} Qxa3 {[%clk 00:58:34]} {[%emt 00:01:35]} 29. Bc4
{[%clk 00:32:02]} {[%emt 00:03:39]} Qe7 {[%clk 00:42:54]} {[%emt 00:16:11]} 30.
Bd4 {[%clk 00:29:40]} {[%emt 00:02:51]} Bxc4 {[%clk 00:33:01]} {[%emt
00:10:26]} 31. Bxf6 {[%clk 00:29:33]} {[%emt 00:00:35]} Qxf6 {[%clk 00:33:20]}
{[%emt 00:00:11]} 32. Qxc4 {[%clk 00:29:36]} {[%emt 00:00:27]} Qxb6 {[%clk
00:33:37]} {[%emt 00:00:14]} 33. Re1 {[%clk 00:28:46]} {[%emt 00:01:16]} Qf2
{[%clk 00:32:54]} {[%emt 00:01:16]} 34. Rf1 {[%clk 00:25:47]} {[%emt 00:03:19]}
Qg3 {[%clk 00:32:14]} {[%emt 00:01:19]} 35. Qe4 {[%clk 00:24:06]} {[%emt
00:02:11]} g5 {[%clk 00:31:14]} {[%emt 00:01:31]} 36. Qf5 {[%clk 00:22:13]}
{[%emt 00:02:18]} Be5 {[%clk 00:31:13]} {[%emt 00:00:35]} 37. Kg1 {[%clk
00:21:38]} {[%emt 00:01:03]} Qh2+ {[%clk 00:31:25]} {[%emt 00:00:20]} 38. Kf2
{[%clk 00:21:51]} {[%emt 00:00:14]} Bg3+ {[%clk 00:30:20]} {[%emt 00:01:38]}
39. Ke3 {[%clk 00:20:41]} {[%emt 00:01:37]} Bf4+ {[%clk 00:30:28]} {[%emt
00:00:26]} 40. Kf2 {[%clk 00:20:42]} {[%emt 00:00:25]} Re8 {[%clk 00:30:46]}
{[%emt 00:00:17]} 41. Rd1 {[%clk 00:19:07]} {[%emt 00:01:58]} Bg3+ {[%clk
00:31:04]} {[%emt 00:00:17]} 42. Kf1 {[%clk 00:18:59]} {[%emt 00:00:37]} Qh1#
{[%clk 00:31:32]} {[%emt 00:00:04]} 0-1

[Event "DEM U10 2021"]
[Site "Willingen GER"]
[Date "2021.08.28"]
[Round "9"]
[White "Fadeev, Justin Michael"]
[Black "Shen, Tingrui"]
[Result "0-1"]
[Termination "normal"]
[Board "4"]
[WhiteElo "1323"]
[BlackElo "1508"]
[WhiteClock "00:29:52"]
[BlackClock "00:23:50"]
[PlyCount "68"]
[WhiteFideId "34602968"]
[BlackFideId "34603441"]
[EventCountry "GER"]
[EventRounds "11"]
[EventType "swiss"]
[EventDate "2021.08.22"]

1. e4 {[%clk 01:15:57]} {[%emt 00:00:03]} c5 {[%clk 01:15:36]} {[%emt
00:00:23]} 2. Nf3 {[%clk 01:15:55]} {[%emt 00:00:34]} g6 {[%clk 01:15:37]}
{[%emt 00:00:27]} 3. d4 {[%clk 01:15:56]} {[%emt 00:00:29]} cxd4 {[%clk
01:15:16]} {[%emt 00:00:53]} 4. Nxd4 {[%clk 01:15:43]} {[%emt 00:00:42]} Bg7
{[%clk 01:15:01]} {[%emt 00:00:44]} 5. Nc3 {[%clk 01:15:47]} {[%emt 00:00:26]}
Nc6 {[%clk 01:15:01]} {[%emt 00:00:31]} 6. Be3 {[%clk 01:15:53]} {[%emt
00:00:24]} Nf6 {[%clk 01:14:38]} {[%emt 00:00:52]} 7. Bc4 {[%clk 01:15:51]}
{[%emt 00:00:33]} Qa5 {[%clk 01:14:24]} {[%emt 00:00:44]} 8. O-O {[%clk
01:06:06]} {[%emt 00:10:15]} O-O {[%clk 01:14:21]} {[%emt 00:00:32]} 9. Bb3
{[%clk 01:03:05]} {[%emt 00:03:32]} d6 {[%clk 01:10:29]} {[%emt 00:04:21]} 10.
h3 {[%clk 01:00:44]} {[%emt 00:02:52]} Bd7 {[%clk 01:08:19]} {[%emt 00:02:39]}
11. Qd2 {[%clk 00:59:08]} {[%emt 00:02:07]} Nxd4 {[%clk 01:06:38]} {[%emt
00:02:11]} 12. Qxd4 {[%clk 00:56:35]} {[%emt 00:03:03]} Ng4 {[%clk 01:05:15]}
{[%emt 00:01:53]} 13. Qd2 {[%clk 00:55:30]} {[%emt 00:01:35]} Nxe3 {[%clk
01:02:58]} {[%emt 00:02:47]} 14. Qxe3 {[%clk 00:54:08]} {[%emt 00:01:53]} Bxc3
{[%clk 01:01:03]} {[%emt 00:02:24]} 15. bxc3 {[%clk 00:52:38]} {[%emt
00:02:01]} Rac8 {[%clk 00:57:09]} {[%emt 00:04:23]} 16. Qf4 {[%clk 00:48:54]}
{[%emt 00:04:14]} Qxc3 {[%clk 00:51:49]} {[%emt 00:05:50]} 17. Rad1 {[%clk
00:47:27]} {[%emt 00:01:55]} Bc6 {[%clk 00:47:08]} {[%emt 00:05:14]} 18. f3
{[%clk 00:44:03]} {[%emt 00:03:53]} Qe5 {[%clk 00:45:46]} {[%emt 00:01:51]} 19.
Qg4 {[%clk 00:43:30]} {[%emt 00:01:03]} Qh5 {[%clk 00:42:32]} {[%emt 00:03:44]}
20. Qf4 {[%clk 00:42:11]} {[%emt 00:01:49]} Qc5+ {[%clk 00:40:18]} {[%emt
00:02:44]} 21. Kh1 {[%clk 00:42:07]} {[%emt 00:00:33]} Kg7 {[%clk 00:38:44]}
{[%emt 00:02:04]} 22. Qg4 {[%clk 00:40:21]} {[%emt 00:02:16]} e6 {[%clk
00:31:32]} {[%emt 00:07:42]} 23. Rd3 {[%clk 00:35:52]} {[%emt 00:04:59]} Bb5
{[%clk 00:30:48]} {[%emt 00:01:14]} 24. c4 {[%clk 00:35:59]} {[%emt 00:00:23]}
Bxc4 {[%clk 00:29:27]} {[%emt 00:01:50]} 25. Bxc4 {[%clk 00:36:25]} {[%emt
00:00:05]} Qxc4 {[%clk 00:29:33]} {[%emt 00:00:24]} 26. Rdd1 {[%clk 00:35:33]}
{[%emt 00:01:21]} Rfd8 {[%clk 00:26:42]} {[%emt 00:03:20]} 27. Rc1 {[%clk
00:32:53]} {[%emt 00:03:11]} Qxa2 {[%clk 00:26:04]} {[%emt 00:01:08]} 28. Ra1
{[%clk 00:33:09]} {[%emt 00:00:13]} Qe2 {[%clk 00:25:22]} {[%emt 00:01:13]} 29.
Rfe1 {[%clk 00:33:08]} {[%emt 00:00:31]} Qd2 {[%clk 00:25:00]} {[%emt
00:00:52]} 30. Red1 {[%clk 00:33:10]} {[%emt 00:00:29]} Qe3 {[%clk 00:24:57]}
{[%emt 00:00:31]} 31. Re1 {[%clk 00:33:09]} {[%emt 00:00:31]} Qc5 {[%clk
00:24:19]} {[%emt 00:01:09]} 32. Rec1 {[%clk 00:32:13]} {[%emt 00:01:26]} Qe5
{[%clk 00:24:22]} {[%emt 00:00:26]} 33. Rab1 {[%clk 00:30:02]} {[%emt
00:02:42]} Rxc1+ {[%clk 00:23:43]} {[%emt 00:01:09]} 34. Rxc1 {[%clk 00:29:52]}
{[%emt 00:00:40]} d5 {[%clk 00:23:50]} {[%emt 00:00:24]} 0-1

[Event "DEM U10 2021"]
[Site "Willingen GER"]
[Date "2021.08.28"]
[Round "9"]
[White "Wartenberg, Alexander"]
[Black "Herrmann, Arthur"]
[Result "0-1"]
[Termination "normal"]
[Board "5"]
[WhiteElo "1424"]
[BlackElo "1191"]
[WhiteClock "01:10:09"]
[BlackClock "00:37:17"]
[PlyCount "54"]
[WhiteFideId "16280768"]
[BlackFideId "16287150"]
[EventCountry "GER"]
[EventRounds "11"]
[EventType "swiss"]
[EventDate "2021.08.22"]

1. e4 {[%clk 01:15:55]} {[%emt 00:00:05]} c5 {[%clk 01:15:56]} {[%emt
00:00:05]} 2. Nf3 {[%clk 01:16:21]} {[%emt 00:00:03]} d6 {[%clk 01:16:22]}
{[%emt 00:00:05]} 3. Bb5+ {[%clk 01:16:44]} {[%emt 00:00:06]} Bd7 {[%clk
01:16:41]} {[%emt 00:00:10]} 4. c4 {[%clk 01:16:59]} {[%emt 00:00:16]} g6
{[%clk 01:14:48]} {[%emt 00:02:24]} 5. d4 {[%clk 01:17:11]} {[%emt 00:00:17]}
cxd4 {[%clk 01:12:26]} {[%emt 00:02:52]} 6. Nxd4 {[%clk 01:17:33]} {[%emt
00:00:07]} Bg7 {[%clk 01:12:21]} {[%emt 00:00:35]} 7. Be3 {[%clk 01:17:55]}
{[%emt 00:00:09]} Bxb5 {[%clk 01:09:27]} {[%emt 00:03:25]} 8. cxb5 {[%clk
01:18:11]} {[%emt 00:00:13]} Nd7 {[%clk 01:08:46]} {[%emt 00:01:11]} 9. O-O
{[%clk 01:18:28]} {[%emt 00:00:13]} Ngf6 {[%clk 01:08:19]} {[%emt 00:00:57]}
10. Nc3 {[%clk 01:18:49]} {[%emt 00:00:09]} Nc5 {[%clk 01:06:38]} {[%emt
00:02:10]} 11. f3 {[%clk 01:16:39]} {[%emt 00:02:41]} O-O {[%clk 01:04:58]}
{[%emt 00:02:10]} 12. b4 {[%clk 01:10:31]} {[%emt 00:06:40]} Ncd7 {[%clk
01:04:54]} {[%emt 00:00:33]} 13. a4 {[%clk 01:10:29]} {[%emt 00:00:33]} Nb6
{[%clk 01:02:59]} {[%emt 00:02:22]} 14. a5 {[%clk 01:10:25]} {[%emt 00:00:36]}
Nc4 {[%clk 01:01:56]} {[%emt 00:01:33]} 15. Bf2 {[%clk 01:09:49]} {[%emt
00:01:06]} Rc8 {[%clk 00:54:17]} {[%emt 00:08:10]} 16. Rc1 {[%clk 01:09:53]}
{[%emt 00:00:25]} Bh6 {[%clk 00:52:50]} {[%emt 00:01:57]} 17. Ra1 {[%clk
01:09:44]} {[%emt 00:00:39]} Nd2 {[%clk 00:52:01]} {[%emt 00:01:20]} 18. Qc2
{[%clk 01:08:53]} {[%emt 00:01:21]} Nxf1 {[%clk 00:52:04]} {[%emt 00:00:25]}
19. Kxf1 {[%clk 01:09:16]} {[%emt 00:00:09]} Qc7 {[%clk 00:50:26]} {[%emt
00:02:07]} 20. Nde2 {[%clk 01:09:33]} {[%emt 00:00:14]} a6 {[%clk 00:46:29]}
{[%emt 00:04:28]} 21. b6 {[%clk 01:09:23]} {[%emt 00:00:41]} Qc4 {[%clk
00:45:35]} {[%emt 00:01:16]} 22. Rb1 {[%clk 01:09:19]} {[%emt 00:00:40]} d5
{[%clk 00:43:58]} {[%emt 00:02:07]} 23. Qb2 {[%clk 01:09:23]} {[%emt 00:00:26]}
dxe4 {[%clk 00:41:51]} {[%emt 00:02:37]} 24. fxe4 {[%clk 01:09:30]} {[%emt
00:00:24]} Bg7 {[%clk 00:38:21]} {[%emt 00:04:01]} 25. Qd2 {[%clk 01:09:41]}
{[%emt 00:00:19]} Rfd8 {[%clk 00:37:35]} {[%emt 00:01:14]} 26. Qe3 {[%clk
01:09:48]} {[%emt 00:00:25]} Ng4 {[%clk 00:37:16]} {[%emt 00:00:48]} 27. Qg3
{[%clk 01:10:09]} {[%emt 00:00:08]} Nxf2 {[%clk 00:37:17]} {[%emt 00:00:30]}
0-1